000 00599nam a2200229Ia 4500
005 20250425162614.0
008 250425s9999 xx 000 0 und d
020 _a013227034X
041 _aeng
082 _a658
100 _aLOPEZ, JUAN-CLAUDIO
245 0 _aINTOPIA: EXECUTIVE GUIDE
250 _a1ST ED.
260 _aENGLEWOOD
260 _aEstados Unidos
_bPRENTICE-HALL
_c1995
300 _a165
650 _aINTOPIA
650 _aPLANIFICACION ESTRATEGICA-SIMULACION POR COMPUTADOR
650 _aTOMA DE DECISIONES-SIMULACION POR COMPUTADOR
942 _c01
010 _a90067
999 _c232666
_d232666